Global Peace Index - Statistics

General Stats
  • This quiz has been taken 111 times
  • The average score is 61 of 160
Answer Stats
Rank Score Region Answer % Correct
1 1.100 Northern Europe Iceland
96%
3 1.256 Northern Europe Denmark
82%
2 1.253 Polynesia New Zealand
79%
4 1.267 Southern Europe Portugal
79%
16 1.470 Oceania Australia
68%
6 1.317 Central Europe Austria
68%
10 1.330 North America Canada
68%
18 1.480 Balkans Croatia
68%
13 1.402 Northern Europe Finland
68%
17 1.480 Central Europe Germany
68%
8 1.326 Western Europe Ireland
68%
12 1.373 East Asia Japan
68%
14 1.438 Northern Europe Norway
68%
5 1.315 Central Europe Slovenia
68%
15 1.460 Northern Europe Sweden
68%
20 1.496 Western Europe Belgium
64%
9 1.329 Central Europe Czech Republic
64%
21 1.506 Western Europe Netherlands
64%
24 1.524 Central Europe Poland
64%
11 1.347 Southeast Asia Singapore
64%
26 1.557 Central Europe Slovakia
64%
7 1.323 Central Europe Switzerland
64%
40 1.753 Southern Africa Botswana
61%
30 1.612 Eastern Europe Estonia
61%
19 1.494 Central Europe Hungary
61%
35 1.688 Middle East Kuwait
61%
34 1.686 Eastern Europe Latvia
61%
36 1.689 Eastern Europe Lithuania
61%
29 1.605 Middle East Qatar
61%
31 1.621 Southern Europe Spain
61%
33 1.658 Western Europe United Kingdom
61%
27 1.577 Balkans Bulgaria
57%
37 1.715 West Africa Ghana
57%
32 1.652 Southern Europe Italy
57%
23 1.515 Southeast Asia Malaysia
57%
25 1.530 Balkans Romania
57%
22 1.510 South Asia Bhutan
54%
38 1.735 Central America Costa Rica
54%
28 1.592 East Africa Mauritius
54%
39 1.744 Balkans North Macedonia
54%
43 1.787 Balkans Serbia
54%
42 1.783 Southeast Asia Indonesia
50%
44 1.809 Southeast Asia Laos
50%
41 1.783 East Asia Mongolia
50%
48 1.831 South America Chile
46%
141 2.694 South America Colombia
46%
46 1.817 South America Uruguay
46%
50 1.847 Balkans Montenegro
43%
47 1.824 Balkans Albania
39%
119 2.334 West Asia Azerbaijan
39%
54 1.868 Western Europe France
39%
156 3.257 Middle East Iraq
39%
137 2.620 North America Mexico
39%
128 2.445 Central America Nicaragua
39%
151 2.993 Eastern Europe Russia
39%
150 2.936 North Africa Sudan
39%
158 3.371 Middle East Syria
39%
140 2.660 Eastern Europe Ukraine
39%
149 2.934 South America Venezuela
39%
49 1.835 Southeast Asia Vietnam
39%
159 3.407 Middle East Yemen
39%
160 3.631 South Asia Afghanistan
36%
126 2.430 South America Brazil
36%
154 3.196 Central Africa D. R. Congo
36%
136 2.613 East Africa Ethiopia
36%
122 2.371 Central America Honduras
36%
133 2.553 South Asia India
36%
139 2.637 Middle East Iran
36%
138 2.633 Middle East Israel
36%
153 3.166 North Africa Libya
36%
129 2.457 Southeast Asia Myanmar
36%
148 2.923 East Asia North Korea
36%
147 2.868 South Asia Pakistan
36%
121 2.344 Southern Africa South Africa
36%
56 1.877 East Asia South Korea
36%
51 1.848 Middle East United Arab Emirates
36%
120 2.337 North America United States
36%
118 2.310 North Africa Algeria
32%
67 1.945 South America Argentina
32%
152 3.131 Central Africa Central African Republic
32%
60 1.912 Middle East Cyprus
32%
55 1.873 Southeast Asia East Timor
32%
65 1.932 Balkans Greece
32%
62 1.916 Middle East Jordan
32%
144 2.797 Middle East Lebanon
32%
145 2.813 West Africa Mali
32%
59 1.909 Eastern Europe Moldova
32%
143 2.712 West Africa Nigeria
32%
53 1.864 West Africa Senegal
32%
155 3.211 East Africa Somalia
32%
157 3.363 East Africa South Sudan
32%
142 2.700 Central Africa Cameroon
29%
108 2.184 Central America El Salvador
29%
134 2.555 East Africa Eritrea
29%
68 1.955 Southern Africa Eswatini
29%
52 1.853 West Africa Gambia
29%
106 2.151 Caribbean Haiti
29%
64 1.927 Southern Africa Namibia
29%
135 2.589 West Africa Niger
29%
63 1.919 Central America Panama
29%
123 2.376 Middle East Saudi Arabia
29%
45 1.813 West Africa Sierra Leone
29%
57 1.892 East Africa Tanzania
29%
146 2.843 Middle East Turkey
29%
92 2.075 West Asia Armenia
25%
100 2.121 Middle East Bahrain
25%
115 2.285 Eastern Europe Belarus
25%
103 2.140 South America Bolivia
25%
71 1.970 Balkans Bosnia and Herzegovina
25%
130 2.489 Central Africa Chad
25%
86 2.044 South America Ecuador
25%
87 2.054 West Asia Georgia
25%
109 2.195 Central America Guatemala
25%
98 2.114 South America Guyana
25%
73 1.992 Caribbean Jamaica
25%
66 1.936 Central Asia Kazakhstan
25%
78 2.015 North Africa Morocco
25%
72 1.982 Middle East Oman
25%
74 1.997 South America Paraguay
25%
84 2.034 South America Peru
25%
107 2.154 Central Asia Turkmenistan
25%
89 2.068 South Asia Bangladesh
21%
94 2.093 West Africa Benin
21%
132 2.527 West Africa Burkina Faso
21%
77 2.008 Southeast Asia Cambodia
21%
99 2.114 East Asia China
21%
85 2.042 Caribbean Cuba
21%
80 2.024 Caribbean Dominican Republic
21%
124 2.397 Middle East Egypt
21%
90 2.069 West Africa Guinea
21%
102 2.123 West Africa Ivory Coast
21%
76 1.998 Central Asia Kyrgyzstan
21%
75 1.998 West Africa Liberia
21%
69 1.963 East Africa Madagascar
21%
58 1.909 East Africa Malawi
21%
83 2.033 South Asia Nepal
21%
105 2.149 Melanesia Papua New Guinea
21%
125 2.417 Southeast Asia Philippines
21%
81 2.028 East Africa Rwanda
21%
93 2.083 South Asia Sri Lanka
21%
95 2.095 Central Asia Tajikistan
21%
111 2.205 Southeast Asia Thailand
21%
82 2.029 Caribbean Trinidad and Tobago
21%
96 2.108 North Africa Tunisia
21%
88 2.062 Central Asia Uzbekistan
21%
79 2.017 Central Africa Angola
18%
127 2.434 East Africa Burundi
18%
104 2.146 East Africa Djibouti
18%
61 1.915 Central Africa Equatorial Guinea
18%
91 2.074 Central Africa Gabon
18%
97 2.113 West Africa Guinea-Bissau
18%
114 2.254 East Africa Kenya
18%
110 2.202 Southern Africa Lesotho
18%
101 2.123 East Africa Mozambique
18%
113 2.239 West Africa Togo
18%
112 2.219 East Africa Uganda
18%
116 2.290 West Africa Mauritania
14%
117 2.291 Central Africa Republic of the Congo
14%
70 1.964 East Africa Zambia
14%
131 2.490 East Africa Zimbabwe
14%
No matching quizzes found
Score Distribution
Percent of People with Each Score
Percentile by Number Answered
Your Score History
You have not taken this quiz